[Event "Pavlodar op"]
[Site "Pavlodar"]
[Date "2012.12.05"]
[Round "7"]
[White "Ismailov, Mukhit"]
[Black "Nevostrujev, Vladimir"]
[Result "0-1"]
[WhiteElo "2208"]
[BlackElo "2449"]
[PlyCount "99"]
[EventDate "2012.11.30"]
[EventType "swiss"]
[EventRounds "10"]
[EventCountry "KAZ"]
[SourceTitle "EXT 2014"]
[Source "ChessBase"]
[SourceDate "2013.11.20"]
[SourceVersion "1"]
[SourceVersionDate "2013.11.20"]
[SourceQuality "1"]

1. d4 Nf6 2. c4 g6 3. Nc3 d5 4. cxd5 Nxd5 5. e4 Nxc3 6. bxc3 Bg7 7. Nf3 0-0 8. Be2 c5 9. Rb1 cxd4 10. cxd4 Qa5+ 11. Bd2 Qxa2 12. 0-0 Bd7 13. Bg5 Ba4 14. Qe1 Bc2 15. Rc1 Qa4 16. e5 e6 17. Be7 Re8 18. Bd6 Bh6 19. Qc3 Be4 20. Qb2 Bxc1 21. Rxc1 Nc6 22. Ng5 Bd5 23. Qxb7 Nxe5 24. Qc7 Nd7 25. Bd1 Qb5 26. Be2 Qxe2 27. Qxd7 e5 28. Qh3 h5 29. Bxe5 Qg4 30. Qxg4 hxg4 31. h3 a5 32. hxg4 a4 33. f3 Ra6 34. Nh3 g5 35. f4 f6 36. Bc7 Rc8 37. fxg5 fxg5 38. Rc5 a3 39. Be5 Rxc5 40. dxc5 Re6 41. Bc3 Re3 42. Bf6 Rg3 43. Nf2 Kf7 44. Be5 Re3 45. Bd4 a2 46. Kh2 Re2 47. Nd3 Rxg2+ 48. Kh3 Rd2 49. Ne5+ Ke6 50. c6 0-1

[Event "Pavlodar op"]
[Site "Pavlodar"]
[Date "2012.12.02"]
[Round "3"]
[White "Kabanov, Nikolai"]
[Black "Ismailov, Mukhit"]
[Result "1-0"]
[WhiteElo "2486"]
[BlackElo "2208"]
[PlyCount "63"]
[EventDate "2012.11.30"]
[EventType "swiss"]
[EventRounds "10"]
[EventCountry "KAZ"]
[SourceTitle "EXT 2014"]
[Source "ChessBase"]
[SourceDate "2013.11.20"]
[SourceVersion "1"]
[SourceVersionDate "2013.11.20"]
[SourceQuality "1"]

1. d4 Nf6 2. Bg5 Ne4 3. Bf4 c5 4. f3 Qa5+ 5. c3 Nf6 6. d5 Qb6 7. Bc1 d6 8. e4 g6 9. Nd2 Bg7 10. Nc4 Qc7 11. a4 0-0 12. Ne2 Nbd7 13. Ng3 Ne5 14. Bg5 h5 15. Nxe5 dxe5 16. c4 Kh7 17. Qd2 Ng8 18. Bd3 Bh6 19. 0-0 a5 20. Ne2 Ra6 21. Nc3 Bd7 22. g3 Rfa8 23. Bc2 Qd6 24. Rac1 f6 25. Bxh6 Nxh6 26. f4 Rg8 27. Bd1 Be8 28. Kh1 b6 29. Rf2 Rf8 30. Nb5 Qb8 31. Qc3 Nf7 32. Qf3 1-0

[Event "Pavlodar op"]
[Site "Pavlodar"]
[Date "2012.12.01"]
[Round "2"]
[White "Ismailov, Mukhit"]
[Black "Vokarev, Sergey"]
[Result "1-0"]
[WhiteElo "2208"]
[BlackElo "2454"]
[PlyCount "61"]
[EventDate "2012.11.30"]
[EventType "swiss"]
[EventRounds "10"]
[EventCountry "KAZ"]
[SourceTitle "EXT 2014"]
[Source "ChessBase"]
[SourceDate "2013.11.20"]
[SourceVersion "1"]
[SourceVersionDate "2013.11.20"]
[SourceQuality "1"]

1. d4 Nf6 2. c4 g6 3. Nc3 d5 4. cxd5 Nxd5 5. e4 Nxc3 6. bxc3 Bg7 7. Nf3 c5 8. Rb1 0-0 9. Be2 b6 10. 0-0 Bb7 11. d5 Bxc3 12. Bc4 Bg7 13. Qe2 Qc8 14. e5 Ba6 15. e6 fxe6 16. Ng5 Bxc4 17. Qxc4 Bf6 18. Nxe6 Rf7 19. h4 Nd7 20. Rb3 Ne5 21. Qe4 c4 22. Rg3 Kh8 23. Bh6 Nd3 24. h5 gxh5 25. Ng5 Qe8 26. d6 Bxg5 27. d7 Qd8 28. Bxg5 b5 29. Qd4+ Rf6 30. Bh6 h4 31. Rg4 1-0

[Event "Wch U18"]
[Site "Maribor"]
[Date "2012.11.16"]
[Round "9.23"]
[White "Ismailov, Mukhit"]
[Black "Bok, Benjamin"]
[Result "0-1"]
[WhiteElo "2208"]
[BlackElo "2537"]
[PlyCount "84"]
[EventDate "2012.11.08"]
[EventType "swiss"]
[EventRounds "11"]
[EventCountry "SLO"]
[SourceTitle "EXT 2013"]
[Source "ChessBase"]
[SourceDate "2012.11.22"]
[SourceVersion "1"]
[SourceVersionDate "2012.11.22"]
[SourceQuality "1"]

1. d4 Nf6 2. c4 g6 3. Nf3 Bg7 4. g3 d5 5. cxd5 Nxd5 6. Bg2 Nb6 7. Nc3 Nc6 8. e3 0-0 9. 0-0 Re8 10. a3 e5 11. d5 Ne7 12. e4 Nc4 13. Qe2 Nd6 14. Rd1 h6 15. Be3 f5 16. Nd2 Rf8 17. Nc4 f4 18. Bc5 b6 19. Bxd6 cxd6 20. Nd2 h5 21. Bf3 fxg3 22. hxg3 Bh6 23. Kg2 Kg7 24. a4 a6 25. Ra3 Ng8 26. Na2 Nf6 27. Nf1 Nh7 28. Nh2 Ng5 29. Rdd3 Ra7 30. Nb4 Raf7 31. Nc2 Bh3+ 32. Kh1 Qd7 33. Ne1 Rc8 34. Rdc3 Rxc3 35. bxc3 Qc7 36. c4 Qc5 37. Rc3 Bd7 38. Qe3 Qa5 39. Qd3 Qxa4 40. Qb1 Qa5 41. Rb3 Qc5 42. Qc2 Ba4 0-1

[Event "Wch U18"]
[Site "Maribor"]
[Date "2012.11.15"]
[Round "8.36"]
[White "Hiti, Domen"]
[Black "Ismailov, Mukhit"]
[Result "0-1"]
[WhiteElo "2061"]
[BlackElo "2208"]
[PlyCount "106"]
[EventDate "2012.11.08"]
[EventType "swiss"]
[EventRounds "11"]
[EventCountry "SLO"]
[SourceTitle "EXT 2013"]
[Source "ChessBase"]
[SourceDate "2012.11.22"]
[SourceVersion "1"]
[SourceVersionDate "2012.11.22"]
[SourceQuality "1"]

1. d4 Nf6 2. c4 c5 3. d5 e6 4. Nc3 exd5 5. cxd5 d6 6. e4 g6 7. f4 Bg7 8. Bb5+ Nfd7 9. a4 0-0 10. Nf3 Na6 11. 0-0 Nb4 12. Re1 a6 13. Bf1 Re8 14. Bd2 h6 15. Qb3 Rb8 16. Nb1 Nf6 17. Bxb4 Qb6 18. Nbd2 c4+ 19. Qe3 Qxb4 20. Nxc4 Rxe4 21. Qa7 Qc5+ 22. Qxc5 dxc5 23. Rxe4 Nxe4 24. Re1 f5 25. Bd3 b5 26. axb5 axb5 27. Nce5 Bb7 28. Nxg6 c4 29. Bxe4 fxe4 30. Nfe5 Bf6 31. Nc6 Re8 32. Nge5 Bxe5 33. Rxe4 Bd4+ 34. Rxd4 Re2 35. Na5 Bc8 36. d6 Bd7 37. b4 c3 38. Kf1 Rb2 39. Ke1 Rb1+ 40. Ke2 c2 41. Nb3 Rxb3 42. Kd2 Rb2 43. g4 Ra2 44. Kc1 Kf7 45. f5 Kf6 46. Rd5 h5 47. h3 hxg4 48. hxg4 Ra4 49. Rc5 Ra6 50. Rd5 Ra4 51. Rd4 Ke5 52. Rd2 Rxb4 53. Rxc2 Rxg4 0-1

[Event "Wch U18"]
[Site "Maribor"]
[Date "2012.11.14"]
[Round "7.25"]
[White "Ismailov, Mukhit"]
[Black "Nasanjargal, Urtnasan"]
[Result "0-1"]
[WhiteElo "2208"]
[BlackElo "2305"]
[PlyCount "76"]
[EventDate "2012.11.08"]
[EventType "swiss"]
[EventRounds "11"]
[EventCountry "SLO"]
[SourceTitle "EXT 2013"]
[Source "ChessBase"]
[SourceDate "2012.11.22"]
[SourceVersion "1"]
[SourceVersionDate "2012.11.22"]
[SourceQuality "1"]

1. d4 Nf6 2. c4 g6 3. Nc3 Bg7 4. e4 d6 5. f3 0-0 6. Be3 c5 7. d5 e6 8. Nge2 exd5 9. cxd5 Nbd7 10. Ng3 Ne5 11. Be2 h5 12. 0-0 a6 13. a4 Bd7 14. h3 h4 15. Nh1 b5 16. Bg5 b4 17. f4 bxc3 18. fxe5 cxb2 19. Rb1 dxe5 20. Rxb2 c4 21. Rf2 c3 22. Rb7 Qc8 23. Rb4 Qc5 24. Rc4 Qd6 25. Qf1 Nh7 26. Bxh4 Rac8 27. Rf3 c2 28. Rfc3 Rxc4 29. Rxc4 Rc8 30. Rxc8+ Bxc8 31. Qc1 Qb6+ 32. Bf2 Qb3 33. Be3 Bf8 34. d6 Bxd6 35. Qd2 Ba3 36. Qd8+ Nf8 37. Bd3 Bd7 38. Bxc2 Qxe3+ 0-1

[Event "Wch U18"]
[Site "Maribor"]
[Date "2012.11.12"]
[Round "5.44"]
[White "Ismailov, Mukhit"]
[Black "Janzekovic, Klemen Tilen"]
[Result "1-0"]
[WhiteElo "2208"]
[BlackElo "1905"]
[PlyCount "179"]
[EventDate "2012.11.08"]
[EventType "swiss"]
[EventRounds "11"]
[EventCountry "SLO"]
[SourceTitle "EXT 2013"]
[Source "ChessBase"]
[SourceDate "2012.11.22"]
[SourceVersion "1"]
[SourceVersionDate "2012.11.22"]
[SourceQuality "1"]

1. d4 Nf6 2. c4 g6 3. Nc3 Bg7 4. Bg5 0-0 5. Nf3 d6 6. e3 c5 7. d5 Nbd7 8. h3 h6 9. Bf4 Ne8 10. Qc2 Ne5 11. Nd2 Nc7 12. Bh2 g5 13. f4 gxf4 14. exf4 Nd7 15. Bd3 e6 16. 0-0 exd5 17. cxd5 Nf6 18. Rad1 Ncxd5 19. Nc4 Nxc3 20. bxc3 d5 21. Ne5 Qb6 22. Kh1 c4 23. Be2 Ne4 24. Bxc4 Bf5 25. Bd3 Rac8 26. c4 Bxe5 27. fxe5 Rxc4 28. Qe2 Nc3 29. Qf3 Bxd3 30. Rxd3 Ne4 31. Rxd5 Ng5 32. Qd3 Qc6 33. Rd6 Qe4 34. Qxe4 Nxe4 35. Rd7 Ra4 36. Rxb7 Rxa2 37. Bf4 Ra6 38. Kh2 Nc5 39. Re7 Nd3 40. Be3 Re6 41. Rxa7 Nxe5 42. Bc1 Rfe8 43. Rf5 Kg7 44. Rh5 Nd3 45. Bd2 Ne5 46. Kg1 Nc6 47. Ra6 Rc8 48. Rh4 Rg6 49. Kh2 Rc7 50. Bc3+ Kf8 51. Ra8+ Ke7 52. Rh8 Ke6 53. Rh5 Ne7 54. Re5+ Kd7 55. Bb4 Nc6 56. Rd5+ Ke6 57. Rd6+ Kf5 58. g4+ Ke5 59. Rxg6 fxg6 60. Bc3+ Ke6 61. Rxh6 Ne7 62. Bb4 Rc2+ 63. Kg3 Nd5 64. Be1 Kf7 65. Rh7+ Kf6 66. Ra7 Re2 67. Bf2 Rd2 68. Kf3 Ne7 69. Bh4+ g5 70. Bxg5+ Kxg5 71. Rxe7 Rd3+ 72. Re3 Rd5 73. Kg3 Ra5 74. Rb3 Rc5 75. h4+ Kg6 76. Rb6+ Kg7 77. h5 Ra5 78. Kh4 Ra4 79. h6+ Kh7 80. Kh5 Ra5+ 81. g5 Rc5 82. Rb7+ Kh8 83. Rf7 Ra5 84. Kg6 Ra6+ 85. Rf6 Ra8 86. Rb6 Rg8+ 87. Kf6 Rf8+ 88. Ke7 Ra8 89. g6 Rg8 90. Rd6 1-0

[Event "Nezhmetdinov Memorial 34th"]
[Site "Kazan"]
[Date "2012.09.28"]
[Round "3.24"]
[White "Ismailov, Mukhit"]
[Black "Murtazin, Bulat"]
[Result "0-1"]
[WhiteElo "2209"]
[BlackElo "2012"]
[PlyCount "72"]
[EventDate "2012.09.25"]
[EventType "swiss"]
[EventRounds "9"]
[EventCountry "RUS"]
[SourceTitle "EXT 2022"]
[Source "ChessBase"]
[SourceDate "2021.10.06"]
[SourceVersion "1"]
[SourceVersionDate "2021.10.06"]
[SourceQuality "1"]

1. d4 Nf6 2. g3 g6 3. Bg2 Bg7 4. Nf3 0-0 5. 0-0 d6 6. c4 Nbd7 7. Nc3 e5 8. Qc2 Re8 9. Rd1 Qe7 10. h3 Nf8 11. d5 e4 12. Nd4 h6 13. Be3 N8h7 14. Kh2 Kh8 15. Qd2 Rg8 16. Rac1 Bd7 17. b4 h5 18. Kg1 Rae8 19. c5 g5 20. Nb3 Bf5 21. Na5 Qd7 22. Kh2 h4 23. Bxg5 hxg3+ 24. fxg3 Nh5 25. Bf4 Nxf4 26. gxf4 e3 27. Qe1 Bf6 28. Bf3 Rg6 29. c6 bxc6 30. dxc6 Qc8 31. Nd5 Rh6 32. Nxf6 Nxf6 33. Qc3 Rg8 34. Bh5 Kh7 35. Rd3 Rxh5 36. Rxe3 Nd5 0-1

[Event "Asia U20 op"]
[Site "Tashkent"]
[Date "2012.06.05"]
[Round "7"]
[White "Ismailov, Mukhit"]
[Black "Artemenko, Oleg"]
[Result "0-1"]
[WhiteElo "2221"]
[BlackElo "2298"]
[PlyCount "80"]
[EventDate "2012.05.30"]
[EventType "swiss"]
[EventRounds "9"]
[EventCountry "UZB"]
[SourceTitle "CBM 148 Extra"]
[Source "ChessBase"]
[SourceDate "2012.06.22"]
[SourceVersion "1"]
[SourceVersionDate "2012.06.22"]
[SourceQuality "1"]

1. Nf3 d5 2. c4 dxc4 3. e3 Nf6 4. Bxc4 e6 5. b3 Be7 6. Bb2 0-0 7. 0-0 a6 8. Be2 c5 9. d3 b5 10. Nbd2 Bb7 11. Rc1 Nbd7 12. Qc2 Rc8 13. Qb1 Qb6 14. a3 Rfd8 15. Rfd1 h6 16. Qa1 Bf8 17. Ne5 Nxe5 18. Bxe5 Nd5 19. Bf1 Ne7 20. Rc2 Nf5 21. Rdc1 Qa7 22. a4 Qb6 23. axb5 axb5 24. Kh1 f6 25. Bb2 Rd7 26. b4 c4 27. dxc4 Bxb4 28. Bc3 Ra8 29. Ra2 Bxc3 30. Rxc3 Rad8 31. Rcc2 b4 32. Nb3 Bxg2+ 33. Kxg2 Qc6+ 34. Kg1 Rd1 35. Ra6 Qe4 36. Rc1 Qg4+ 37. Kh1 Qf3+ 38. Kg1 Nh4 39. Rxd1 Qg4+ 40. Kh1 Rxd1 0-1

[Event "Central Asia Cup 1st"]
[Site "Tashkent"]
[Date "2011.10.26"]
[Round "9"]
[White "Davletbayeva, Madina"]
[Black "Ismailov, Mukhit"]
[Result "0-1"]
[WhiteElo "2240"]
[BlackElo "2107"]
[PlyCount "166"]
[EventDate "2011.10.18"]
[EventType "swiss"]
[EventRounds "9"]
[EventCountry "UZB"]
[SourceTitle "CBM 144 Extra"]
[Source "ChessBase"]
[SourceDate "2011.10.28"]
[SourceVersion "1"]
[SourceVersionDate "2011.10.28"]
[SourceQuality "1"]

1. e4 c5 2. Nf3 e6 3. d4 cxd4 4. Nxd4 a6 5. Bd3 Qc7 6. 0-0 Nf6 7. Qe2 h5 8. h3 Bc5 9. Nb3 Ba7 10. Be3 Nc6 11. Bxa7 Rxa7 12. f4 d6 13. N1d2 e5 14. Nc4 b5 15. Ne3 Qb6 16. Kh1 exf4 17. Rxf4 Ne5 18. Raf1 Be6 19. c3 h4 20. Kh2 Ng6 21. R4f2 Nh5 22. Nd5 Bxd5 23. exd5+ Ne5 24. Re1 Re7 25. Nd4 Nf6 26. Qd2 Kf8 27. Ref1 Nxd5 28. Nf5 Re6 29. Bc2 Ne7 30. Nd4 Reh6 31. Rxf7+ Nxf7 32. Qf2 Ke8 33. Qxf7+ Kd8 34. Ne6+ Rxe6 35. Qxe6 Re8 36. Rf7 Qc5 37. Qe4 g5 38. Qa8+ Nc8 39. Rf1 g4 40. hxg4 Qe5+ 41. Kg1 Qe3+ 42. Kh2 Qe5+ 43. Kg1 Qe3+ 44. Rf2 Qc1+ 45. Kh2 Re1 46. g3 Qe3 47. Rf8+ Ke7 48. Qb7+ Kxf8 49. Qxc8+ Qe8 50. Qf5+ Qf7 51. gxh4 Qxf5 52. Bxf5 Re2+ 53. Kg3 Rxb2 54. Be6 Re2 55. Bb3 a5 56. g5 a4 57. Bd5 Rd2 58. Be6 Re2 59. Bd5 Rd2 60. Be6 a3 61. h5 Re2 62. Bb3 Rb2 63. Bd5 Rd2 64. Be6 Re2 65. Bb3 b4 66. h6 Rd2 67. Be6 Re2 68. Bb3 Rb2 69. Bd5 Rd2 70. Be6 Re2 71. Bb3 Rd2 72. Be6 Re2 73. Bb3 d5 74. g6 Rd2 75. Kf4 bxc3 76. Ke3 Kg8 77. Ba4 Rg2 78. Bb3 Rxg6 79. Bxd5+ Kh8 80. Bb3 Rd6 81. Bc2 Rd2 82. Bb3 Kh7 83. Bc4 Kxh6 0-1

[Event "Central Asia Cup 1st"]
[Site "Tashkent"]
[Date "2011.10.25"]
[Round "8"]
[White "Ismailov, Mukhit"]
[Black "Rustamov, Alisher"]
[Result "1-0"]
[WhiteElo "2107"]
[BlackElo "2201"]
[PlyCount "81"]
[EventDate "2011.10.18"]
[EventType "swiss"]
[EventRounds "9"]
[EventCountry "UZB"]
[SourceTitle "CBM 144 Extra"]
[Source "ChessBase"]
[SourceDate "2011.10.28"]
[SourceVersion "1"]
[SourceVersionDate "2011.10.28"]
[SourceQuality "1"]

1. d4 Nf6 2. c4 g6 3. Nc3 Bg7 4. e4 d6 5. Nf3 0-0 6. Be2 e5 7. Be3 Ng4 8. Bg5 f6 9. Bc1 Nc6 10. d5 Ne7 11. h3 Nh6 12. h4 Nf7 13. h5 g5 14. Rg1 g4 15. Nh4 f5 16. exf5 Nxd5 17. Nxd5 Qxh4 18. Nxc7 Rb8 19. g3 Qd8 20. Ne6 Bxe6 21. fxe6 Ng5 22. Bxg4 Qf6 23. Be3 Kh8 24. Qd2 Bh6 25. Qe2 b5 26. Bxg5 Bxg5 27. cxb5 d5 28. Kf1 d4 29. Kg2 d3 30. Qf3 Rxb5 31. Qxf6+ Bxf6 32. b3 e4 33. Rac1 Bd4 34. e7 Re8 35. Bd7 Rbb8 36. Bxe8 Rxe8 37. Rc4 Bf6 38. Rxe4 Kg7 39. Rd1 Kf7 40. Rxd3 Bxe7 41. Rf3+ 1-0

[Event "Central Asia Cup 1st"]
[Site "Tashkent"]
[Date "2011.10.22"]
[Round "5"]
[White "Tillyaev, Ulugbek"]
[Black "Ismailov, Mukhit"]
[Result "1-0"]
[WhiteElo "2272"]
[BlackElo "2107"]
[PlyCount "84"]
[EventDate "2011.10.18"]
[EventType "swiss"]
[EventRounds "9"]
[EventCountry "UZB"]
[SourceTitle "CBM 144 Extra"]
[Source "ChessBase"]
[SourceDate "2011.10.28"]
[SourceVersion "1"]
[SourceVersionDate "2011.10.28"]
[SourceQuality "1"]

1. e4 c5 2. Nf3 d6 3. d4 cxd4 4. Nxd4 a6 5. c4 Nf6 6. Nc3 b6 7. g3 Bb7 8. Bg2 Nbd7 9. 0-0 Rc8 10. Qe2 e6 11. Rd1 Qc7 12. b3 Be7 13. Bb2 0-0 14. Rac1 Qb8 15. f4 Rfd8 16. Kh1 Bf8 17. f5 exf5 18. Nxf5 Re8 19. Re1 g6 20. Nd4 Nc5 21. Qc2 Qa8 22. Nd5 Bxd5 23. exd5 Rxe1+ 24. Rxe1 Re8 25. Ne6 Bg7 26. Rf1 fxe6 27. Bxf6 Rf8 28. dxe6 Qe8 29. Qc3 Rxf6 30. Rxf6 Qd8 31. Bd5 Kh8 32. Rf7 Nxe6 33. Qe1 Nd4 34. Qe7 Qxe7 35. Rxe7 Be5 36. Ra7 b5 37. Rxa6 b4 38. Ra4 Nc2 39. Be4 Ne3 40. Rxb4 Nd1 41. Bf3 Nf2+ 42. Kg1 Nd3 1-0

[Event "Central Asia Cup 1st"]
[Site "Tashkent"]
[Date "2011.10.19"]
[Round "2"]
[White "Khamdamov, Suhrob"]
[Black "Ismailov, Mukhit"]
[Result "1-0"]
[WhiteElo "2288"]
[BlackElo "2107"]
[PlyCount "64"]
[EventDate "2011.10.18"]
[EventType "swiss"]
[EventRounds "9"]
[EventCountry "UZB"]
[SourceTitle "CBM 144 Extra"]
[Source "ChessBase"]
[SourceDate "2011.10.28"]
[SourceVersion "1"]
[SourceVersionDate "2011.10.28"]
[SourceQuality "1"]

1. Nf3 d5 2. d4 c6 3. c4 e6 4. Qc2 Nf6 5. Bg5 Nbd7 6. e3 Qa5+ 7. Nbd2 Ne4 8. cxd5 Nxg5 9. Nxg5 cxd5 10. Bd3 Be7 11. f4 Nf6 12. 0-0 g6 13. Ndf3 0-0 14. Ne5 Kg7 15. Ngxf7 Rxf7 16. Bxg6 Rf8 17. Rf3 Rh8 18. Rh3 Bd7 19. Bxh7 Be8 20. Rg3+ Kf8 21. Bg6 Rh6 22. Rf1 Bb5 23. Rc1 Be8 24. f5 Ne4 25. fxe6 Nxg3 26. Qf2+ Kg7 27. Bxe8 Ne2+ 28. Qxe2 Rxe8 29. Qg4+ Kh8 30. Rf1 Rg8 31. Nf7+ Kh7 32. Qf5+ Rgg6 1-0

[Event "Wch U14"]
[Site "Kemer"]
[Date "2009.11.22"]
[Round "11"]
[White "Ismailov, Mukhit"]
[Black "Wong, Jianwen"]
[Result "1-0"]
[WhiteElo "2067"]
[BlackElo "1905"]
[PlyCount "49"]
[EventDate "2009.11.12"]
[EventType "swiss"]
[EventRounds "11"]
[EventCountry "TUR"]
[SourceTitle "EXT 2010"]
[Source "ChessBase"]
[SourceDate "2010.11.25"]
[SourceVersion "1"]
[SourceVersionDate "2010.11.25"]
[SourceQuality "1"]

1. d4 d5 2. Nf3 e6 3. g3 c5 4. c3 Nc6 5. Bg2 Nf6 6. 0-0 Be7 7. Nbd2 0-0 8. e3 Qc7 9. Qe2 cxd4 10. exd4 Bd7 11. Ne5 b5 12. f4 b4 13. Rf3 bxc3 14. bxc3 Rfc8 15. Re3 Rab8 16. g4 Be8 17. g5 Nd7 18. Nxd7 Bxd7 19. Nf1 Na5 20. Qh5 g6 21. Qh6 Bf8 22. Qh4 Bg7 23. Rh3 Qb6 24. Qxh7+ Kf8 25. Ba3+ 1-0

[Event "Wch U14"]
[Site "Kemer"]
[Date "2009.11.18"]
[Round "7"]
[White "Ismailov, Mukhit"]
[Black "Jacobsen, Mads Holger"]
[Result "1-0"]
[WhiteElo "2067"]
[BlackElo "1914"]
[PlyCount "41"]
[EventDate "2009.11.12"]
[EventType "swiss"]
[EventRounds "11"]
[EventCountry "TUR"]
[SourceTitle "EXT 2010"]
[Source "ChessBase"]
[SourceDate "2010.11.25"]
[SourceVersion "1"]
[SourceVersionDate "2010.11.25"]
[SourceQuality "1"]

1. d4 d5 2. c4 c6 3. Nf3 Nf6 4. Nc3 dxc4 5. a4 Bf5 6. Ne5 Nd5 7. f3 Nd7 8. Nxc4 e6 9. e4 Nxc3 10. bxc3 Bg6 11. Bf4 Nf6 12. Qb3 b6 13. Ne5 Nxe4 14. Nxg6 hxg6 15. fxe4 Qf6 16. Bg3 e5 17. Bb5 Kd8 18. 0-0-0 Qg5+ 19. Kb1 c5 20. Bc4 Kd7 21. Bd5 1-0

[Event "Wch U14"]
[Site "Kemer"]
[Date "2009.11.16"]
[Round "5"]
[White "Ismailov, Mukhit"]
[Black "Vicente, Joao Vasco Reis"]
[Result "1/2-1/2"]
[WhiteElo "2067"]
[BlackElo "1736"]
[PlyCount "93"]
[EventDate "2009.11.12"]
[EventType "swiss"]
[EventRounds "11"]
[EventCountry "TUR"]
[SourceTitle "EXT 2010"]
[Source "ChessBase"]
[SourceDate "2010.11.25"]
[SourceVersion "1"]
[SourceVersionDate "2010.11.25"]
[SourceQuality "1"]

1. d4 Nf6 2. c4 g6 3. Nc3 Bg7 4. e4 d6 5. Nf3 0-0 6. Be2 e5 7. Be3 Ng4 8. Bg5 f6 9. Bh4 g5 10. Bg3 Nh6 11. dxe5 dxe5 12. Qb3 c6 13. c5+ Kh8 14. Nd2 Qe7 15. Na4 Be6 16. Bc4 Bxc4 17. Nxc4 Na6 18. f3 Rfd8 19. Bf2 Bf8 20. h4 Nf7 21. 0-0 gxh4 22. Ne3 Ng5 23. Nf5 Qf7 24. Qxf7 Nxf7 25. Bxh4 Ng5 26. Rac1 Rd2 27. Be1 Rd3 28. Ba5 Ne6 29. b4 Nf4 30. Rc2 Ra3 31. g3 Ne6 32. Nc3 b6 33. Nb1 Ra4 34. cxb6 axb6 35. Rxc6 bxa5 36. Rxe6 Nxb4 37. Nc3 Ra3 38. Nd5 Bc5+ 39. Kh1 Nxd5 40. exd5 Rd3 41. Rb1 Rxd5 42. Rb7 Rd2 43. Rxf6 Re8 44. Rff7 Bf8 45. Rbc7 Rb8 46. Rb7 Rc8 47. Rbc7 1/2-1/2

[Event "Maralsay Group A"]
[Site "Almaty"]
[Date "2009.08.23"]
[Round "8"]
[White "Kashebayev, Azamat"]
[Black "Ismailov, Mukhit"]
[Result "1-0"]
[WhiteElo "2150"]
[BlackElo "2037"]
[PlyCount "85"]
[EventDate "2009.08.17"]
[EventType "tourn"]
[EventRounds "11"]
[EventCountry "KAZ"]
[SourceTitle "EXT 2022"]
[Source "ChessBase"]
[SourceDate "2021.10.06"]
[SourceVersion "1"]
[SourceVersionDate "2021.10.06"]
[SourceQuality "1"]

1. d4 Nf6 2. c4 e6 3. Nf3 c5 4. d5 exd5 5. cxd5 d6 6. Nc3 g6 7. e4 Bg7 8. Bb5+ Bd7 9. Bd3 a6 10. a4 Bg4 11. 0-0 0-0 12. h3 Bxf3 13. Qxf3 Nbd7 14. Bf4 Qe7 15. Qe2 Nh5 16. Bh2 Rac8 17. Kh1 Rc7 18. Rae1 Bd4 19. a5 f6 20. f4 Rcc8 21. Bc4 Rce8 22. Qd2 Qd8 23. Nd1 Re7 24. Re2 Rfe8 25. Rfe1 Kh8 26. b3 Qc7 27. Nb2 Bxb2 28. Qxb2 Qxa5 29. e5 Kg8 30. e6 Nb6 31. f5 g5 32. Bxd6 Nc8 33. Bh2 b5 34. Bd3 Qd8 35. Be4 Nd6 36. Bf3 Ng7 37. g4 Rf8 38. Qa3 Nge8 39. Qxc5 Kh8 40. Ra1 Rc7 41. Qb4 Ra7 42. Bg1 Rc7 43. Qa5 1-0

[Event "Maralsay Group A"]
[Site "Almaty"]
[Date "2009.08.22"]
[Round "7"]
[White "Ismailov, Mukhit"]
[Black "Zhandarbekov, Bakberdi"]
[Result "1-0"]
[WhiteElo "2037"]
[BlackElo "2064"]
[PlyCount "64"]
[EventDate "2009.08.17"]
[EventType "tourn"]
[EventRounds "11"]
[EventCountry "KAZ"]
[SourceTitle "EXT 2022"]
[Source "ChessBase"]
[SourceDate "2021.10.06"]
[SourceVersion "1"]
[SourceVersionDate "2021.10.06"]
[SourceQuality "1"]

1. d4 Nf6 2. c4 g6 3. Nc3 Bg7 4. e4 d6 5. Nf3 0-0 6. Be2 e5 7. 0-0 Nc6 8. d5 Ne7 9. Ne1 Nd7 10. Be3 f5 11. f3 f4 12. Bf2 g5 13. Nb5 a6 14. Na7 Rxa7 15. Bxa7 b6 16. b4 Bb7 17. c5 dxc5 18. bxc5 Nxc5 19. Rc1 Nc8 20. Rxc5 bxc5 21. Bxc5 Nd6 22. Nd3 Bc8 23. Nf2 Rf6 24. Qc2 Ne8 25. Rb1 Bd7 26. Bc4 h5 27. Be7 Qc8 28. Bxf6 Bxf6 29. d6+ Kh7 30. dxc7 Qxc7 31. Bb3 Qa7 32. Qc4 Bb5 1-0

[Event "Maralsay Group A"]
[Site "Almaty"]
[Date "2009.08.21"]
[Round "6"]
[White "Ismailov, Mukhit"]
[Black "Dorozhko, Anton"]
[Result "1-0"]
[WhiteElo "2037"]
[BlackElo "1960"]
[PlyCount "87"]
[EventDate "2009.08.17"]
[EventType "tourn"]
[EventRounds "11"]
[EventCountry "KAZ"]
[SourceTitle "EXT 2022"]
[Source "ChessBase"]
[SourceDate "2021.10.06"]
[SourceVersion "1"]
[SourceVersionDate "2021.10.06"]
[SourceQuality "1"]

1. d4 Nf6 2. c4 e5 3. dxe5 Ng4 4. Nc3 Nxe5 5. e3 Bb4 6. Qc2 d6 7. a3 Ba5 8. f4 Ng6 9. Nf3 0-0 10. g3 Re8 11. Be2 Nc6 12. 0-0 Nge7 13. Rd1 Bg4 14. b4 Bxb4 15. axb4 Nxb4 16. Qb1 a5 17. e4 Nec6 18. Bb2 Qb8 19. Nb5 Na6 20. h3 Be6 21. Qc1 Nc5 22. f5 Bd7 23. Qg5 Ne5 24. Nxe5 dxe5 25. Ba3 Bxb5 26. Bxc5 f6 27. Qc1 Bc6 28. g4 b6 29. Bf2 Qb7 30. c5 b5 31. g5 fxg5 32. Qxg5 Rf8 33. Bg3 Rae8 34. Qe3 a4 35. Be1 b4 36. Rac1 b3 37. Rc4 Qa8 38. Bb4 Rd8 39. Rc3 Qb7 40. Ba3 Bb5 41. c6 Bxc6 42. Bxf8 Rxf8 43. Qc5 Rf6 44. Rd8+ 1-0

[Event "Izmailov Memorial op 13th"]
[Site "Tomsk"]
[Date "2009.06.28"]
[Round "5"]
[White "Ismailov, Mukhit"]
[Black "Gankin, Stanislav"]
[Result "0-1"]
[WhiteElo "2037"]
[BlackElo "2283"]
[PlyCount "40"]
[EventDate "2009.06.24"]
[EventType "swiss"]
[EventRounds "9"]
[EventCountry "RUS"]
[SourceTitle "EXT 2010"]
[Source "ChessBase"]
[SourceDate "2010.11.25"]
[SourceVersion "1"]
[SourceVersionDate "2010.11.25"]
[SourceQuality "1"]

1. d4 d5 2. Nf3 Nf6 3. c4 dxc4 4. Qa4+ Nbd7 5. Qxc4 e6 6. Nc3 c5 7. Bg5 a6 8. a4 cxd4 9. Qxd4 Bc5 10. Qd2 Qa5 11. Qc2 b5 12. Bd2 Qb6 13. e3 b4 14. a5 Qc7 15. Ne2 Bb7 16. Ned4 Rc8 17. Bc3 e5 18. Nf5 e4 19. Nxg7+ Kf8 20. Ne5 bxc3 0-1

[Event "Izmailov Memorial op 13th"]
[Site "Tomsk"]
[Date "2009.06.25"]
[Round "2"]
[White "Gnusarev, Pavel"]
[Black "Ismailov, Mukhit"]
[Result "1-0"]
[WhiteElo "2373"]
[BlackElo "2037"]
[PlyCount "73"]
[EventDate "2009.06.24"]
[EventType "swiss"]
[EventRounds "9"]
[EventCountry "RUS"]
[SourceTitle "EXT 2010"]
[Source "ChessBase"]
[SourceDate "2010.11.25"]
[SourceVersion "1"]
[SourceVersionDate "2010.11.25"]
[SourceQuality "1"]

1. d4 Nf6 2. c4 e6 3. Nf3 c5 4. d5 exd5 5. cxd5 d6 6. Nc3 g6 7. Bf4 a6 8. a4 Bg7 9. h3 0-0 10. e3 Qe7 11. Bd3 Nbd7 12. 0-0 Rb8 13. Re1 Ne8 14. e4 Ne5 15. Nxe5 Bxe5 16. Bxe5 Qxe5 17. Qd2 g5 18. Ne2 Ng7 19. b4 b6 20. Rab1 Bd7 21. Bxa6 Bxa4 22. b5 Qxe4 23. Nc3 Qc2 24. Re2 Qxd2 25. Rxd2 Rfe8 26. Nxa4 Nf5 27. Nc3 Nd4 28. Kf1 Kf8 29. Re1 Rxe1+ 30. Kxe1 Ke7 31. Kd1 f5 32. Ne2 Nb3 33. Rd3 Na5 34. Re3+ Kd7 35. Re6 Rf8 36. Ng3 Nc4 37. Bb7 1-0